Stuttgarter Stadtbezirke Karten-Quiz - Statistiken

Allgemein
  • Dieses Quiz wurde 1.427 mal gespielt
  • Das Durchschnittsergebnis liegt bei 13 aus 23
Antworten auf der Karte
Die Antworten werden auf der Karte rot bzw. grün angezeigt, abhängig davon wie oft sie richtig erraten wurden.
 
Antwortstatistiken
Antwort % Korrekt
Stuttgart-Mitte
85%
Stuttgart-Nord
81%
Stuttgart-Ost
81%
Bad Cannstatt
78%
Stuttgart-Süd
76%
Stuttgart-West
76%
Vaihingen
64%
Feuerbach
59%
Obertürkheim
58%
Zuffenhausen
57%
Botnang
53%
Degerloch
53%
Münster
53%
Untertürkheim
53%
Stammheim
52%
Möhringen
47%
Plieningen
47%
Weilimdorf
46%
Mühlhausen
44%
Sillenbuch
43%
Hedelfingen
41%
Wangen
40%
Birkach
39%
Keine übereinstimmenden Quizze gefunden
Verteilung der Resultate
Anzahl Personen mit jedem Resultat
Perzentil nach korrekt beantworteten Fragen
Ihre Resultats-Entwicklung
Sie haben dieses Quiz noch nicht gespielt